Študovať a nasledovať Dona Bosca nad trvalými výzvami jubilejného roku 2015 : dvojsté výročie narodenia 1815 Don Bosco 2015

Bibliographic Details
Main Author: Groch, Pavol (Author)
Format: Book
Language:Slovak
Published: Bratislava Don Bosco 2018
Subjects:

MARC

LEADER 00000cam a2200000 4500
001 vtls011824118
003 SK-MaSNL
005 20260301223915.0
008 200228s2018 xo grn 000 0bslo
015 |a SNBA2018/12 
020 |a 9788080744199  |q (brožované) 
035 |a urn:nbn:sk:snk-am00dbhi 
035 |a urn:nbn:sk:snk-am3hwih 
035 |a C73C4F0A-5870-4126-863F-A244486DC560 
040 |a SNK  |b slo  |c SNK  |e rda 
041 0 |a slo 
044 |a xo  |c SK 
072 7 |a 27  |x Kresťanstvo. Kresťanská cirkev všeobecne. Ekleziológia  |2 konspekt 
080 |a 27-36  |2 2011 
080 |a 27-789.64  |2 2011 
080 |a 27-584  |2 2011 
080 |a 27-584.7  |2 2011 
080 |a 2-58  |2 2011 
080 |a 27-47  |2 2011 
080 |a (0:82-9)  |2 2011 
080 |a 27-277.2  |2 2011 
080 |a (0:82-4)  |2 2011 
100 1 |a Groch, Pavol  |4 aut  |9 615438 
245 1 0 |a Študovať a nasledovať Dona Bosca  |b nad trvalými výzvami jubilejného roku 2015 : dvojsté výročie narodenia 1815 Don Bosco 2015  |c Pavol Groch 
264 1 |a Bratislava  |b Don Bosco  |c 2018 
300 |a 196 strán  |c 21 cm 
336 |a text  |b txt  |2 rdacontent 
337 |a bez média  |b n  |2 rdamedia 
338 |a zväzok  |b nc  |2 rdacarrier 
504 |a Obsahuje biografické odkazy a poznámky 
600 1 7 |a Bosco, Ján,  |c svätý,  |d 1815-1888  |2 SNKMA  |9 155860 
650 0 7 |a kresťanskí svätci  |2 SNKPH  |9 1605 
650 0 7 |a Christian saints  |2 SNKPHeng  |9 282519 
650 0 7 |a saleziáni  |2 SNKPH  |9 29348 
650 0 7 |a Salesians  |2 SNKPHeng  |9 305497 
650 0 7 |a duchovný život  |2 SNKPH  |9 1807 
650 0 7 |a Spiritual life  |2 SNKPHeng  |9 265583 
650 0 7 |a duchovné cvičenia  |2 SNKPH  |9 1723 
650 0 7 |a Spiritual exercises  |2 SNKPHeng  |9 276104 
650 0 7 |a spiritualita  |2 SNKPH  |9 18684 
650 0 7 |a Spirituality  |2 SNKPHeng  |9 293344 
650 0 7 |a kresťanská výchova  |2 SNKPH  |9 63301 
650 0 7 |a Christian education  |2 SNKPHeng  |9 282634 
650 0 7 |a biblické citáty  |2 SNKPH  |9 1914 
650 0 7 |a Biblical quotations  |2 SNKPHeng  |9 268253 
655 7 |a texty  |2 SNKPH  |9 70511 
655 7 |a Texts  |2 SNKPHeng  |9 302902 
655 7 |a Essays  |2 SNKPHeng  |9 267540 
655 7 |a úvahy  |2 SNKPH  |9 29403 
852 |a Štátna vedecká knižnica v Banskej Bystrici 
919 |a 978-80-8074-419-9 
958 |a NB 
958 |a NT 
958 |a BC 
999 |c 945310  |d 947240 
952 |a SNK  |b SNK  |y PREZ  |7 0  |p 17A1351112  |o snkSC 181931  |i snk2018/26428  |8 0  |0 0  |1 0  |4 0  |d 2018-12-07  |f 1  |l 0  |r 2026-02-24 09:31:31  |w 2026-02-24 
952 |a SNK  |b SNK  |y VYP  |7 0  |p 17A1351111  |o snkSC 181931 D1  |i snk2018/26431  |8 0  |0 0  |1 0  |4 0  |d 2018-12-07  |l 0  |r 2026-02-24 09:31:32  |w 2026-02-24